Elementos físico-químicos de la analisis general de las aguas / (Record no. 151928)

MARC details
000 -LEADER
campo de control de longitud fija 01259nam a2200241 i 4500
001 - NÚMERO DE CONTROL
campo de control 151928
003 - IDENTIFICADOR DE NÚMERO DE CONTROL
campo de control ES-MaACL
005 - FECHA Y HORA DE LA ÚLTIMA TRANSACCIÓN
campo de control 20230906204443.0
008 - DATOS DE LONGITUD FIJA--INFORMACIÓN GENERAL
campo de control de longitud fija 931025s1794 sp a |||| | spa d
100 1# - ENTRADA PRINCIPAL--NOMBRE DE PERSONA
Nombre de persona Bergmann, Torbern Olof.
9 (RLIN) 28003
245 10 - MENCIÓN DEL TÍTULO
Título Elementos físico-químicos de la analisis general de las aguas /
Mención de responsabilidad, etc. obra compuesta de las siete disertaciones primeras de los opúsculos físico-químicos del ilustre Bergman ; traducidos del latin al frances por Mr. de Morveau ; y de éste al castellano, con arreglo a la nueva nomenclatura, con varias adiciones y por un orden mas conforme a este tratado por ... Ignacio Antonio de Soto y Arauxo...
260 ## - PUBLICACIÓN, DISTRIBUCIÓN, ETC.
Lugar de publicación, distribución, etc. Madrid :
Nombre del editor, distribuidor, etc. en la Imprenta Real ...,
Fecha de publicación, distribución, etc. 1794.
300 ## - DESCRIPCIÓN FÍSICA
Extensión [12], LXX, 354 p., 3 h. de grab. pleg., [1] h. pleg. ;
Dimensiones 4º.
597 ## - NOTA DE DESCRIPCIÓN FÍSICA
NOTA DE DESCRIPCIÓN FÍSICA Sign.: [*]4, 2*2, a-h4, i3, A5, B-Z4, 2A-2X4, 2y1.
597 ## - NOTA DE DESCRIPCIÓN FÍSICA
NOTA DE DESCRIPCIÓN FÍSICA Antep.
599 ## - NOTA A LAS ILUSTRACIONES
NOTA A LAS ILUSTRACIONES Las h. de grab. xil.: "Navia sc.", representan instrumentos de análisis, al final del texto.
650 #4 - PUNTO DE ACCESO ADICIONAL DE MATERIA--TÉRMINO DE MATERIA
Término de materia o nombre geográfico como elemento de entrada Aguas-
Subdivisión general Análisis.
9 (RLIN) 198767
700 1# - ENTRADA AGREGADA--NOMBRE PERSONAL
Nombre de persona Soto y Araujo, Ignacio Antonio de.
9 (RLIN) 132840
700 0# - ENTRADA AGREGADA--NOMBRE PERSONAL
Nombre de persona Morveau.
9 (RLIN) 83735
852 ## - LOCALIZACIÓN
Ubicación ES-MaACL
Número de control de estantería R-2680
Nota libre -- Enc. pasta española
Encuadernación -- Olim: G-10883
Holdings
Estatus retirado Estado de pérdida Estado de daño No para préstamo Colección Biblioteca de origen Biblioteca actual Ubicación en estantería Fecha de adquisición Fuente de adquisición Total de préstamos Signatura topográfica completa Código de barras Visto por última vez Precio de reemplazo Tipo de ítem Koha
        Libros del s. XVIII Biblioteca del Ateneo de Madrid Biblioteca del Ateneo de Madrid Depósito 17/01/2008     R-2680 1158580 23/02/2023 23/02/2023 Libro impreso antiguo